000 04224nam a22003137i 4500
001 TCPA 64
003 gtcocun
005 20250908224835.0
006 a||||gr|||| 00| 0
008 250908b2018 gt ||||| m||| 00| 0 eng d
040 _agtcocun
_bSPA
_cgtcocun
_eRDA
041 _aSPA
084 _0TCPA 64
100 _aSumale Tot, Gladis Noemi
_eAutor
245 _aInforme final del Ejercicio Profesional Supervisado, realizado en el Liceo Galileo Galilei del municipio de San Cristóbal Verapaz, Alta Verapaz/
_cGladis Noemi Sumale Tot
_hImpreso
264 _aCobán, Alta Verapaz:
_bUniversidad de San Carlos de Guatemala, Centro Universitario del Norte, Licenciatura en Contaduría Pública y Auditoría.
_c2018
300 _a45 p.:
_bIlustraciones, gráficas.
_c28 cm; PDF
336 _2rdacontenido
_aTexto
_btxt
337 _2rdamedio
_aComputadora
_bn
338 _2rdasoporte
_aCódigo en línea
_bcr
502 _e.
502 _aTesis de grado
_bLicenciatura en Contaduría Pública y Auditoría.
_cUniversidad de San Carlos de Guatemala, Centro Universitario del Norte, Licenciatura en Contaduría Pública y Auditoría.
_d2018
_oTCPA 64
520 1 4 _aEl Ejercicio Profesional Supervisado se realizó en el Liceo Galileo Galilei del municipio de San Cristóbal Verapaz, Alta Verapaz. La entidad pertenece al sector privado del sistema educativo nacional. La filosofía del establecimiento se basa en la misión y visión en donde se enmarca su función como entidad ante la sociedad del municipio de San Cristóbal Verapaz, que es brindar un servicio eficiente e integral para el desarrollo individual y colectivo de la población. En el Ejercicio Profesional Supervisado se desarrollaron actividades que permitieron el mejoramiento de la entidad, con el fin de obtener eficiencia en las operaciones que efectúa. Para esto se realizaron las siguientes actividades: Registro del cambio de representante legal del Liceo Galileo Galilei ante las instancias correspondientes, implementación de manual contable, restructuración de registros contables de los períodos comprendidos del año 2012 al 2015, elaboración y presentación de declaraciones juradas del Impuesto al Valor Agregado (IVA) e Impuesto Sobre la Renta (ISR) anual de los períodos comprendidos del año 2012 al 2015; esto de acuerdo al periodo de prescripción que establece la ley, elaboración y presentación de planillas de salarios ante el Instituto Guatemalteco de Seguridad Social (IGSS) de los años 2012 y 2013. Dichas actividades se realizaron mediante análisis del entorno de la entidad y documentos contables. Esto conllevo a gestiones de trámites ante el Instituto Guatemalteco de Seguridad Social y Superintendencia de Administración Tributaria, así también se utilizaron técnicas y procedimientos para el estudio de la documentación contable. Asimismo, mediante la restructuración de registros contables de libros electrónicos se procedió a indagar los documentos de soporte contable que se encuentran en la institución, se aplicaron instrumentos de investigación, como: encuestas, fichas de observación y entrevistas. En base a las actividades planificadas se elaboraron papeles de trabajo, tales como: entrevistas, cuestionarios, cedulas narrativas, conciliaciones bancarias, verificación de ingresos y egresos; mismos que se utilizaron para soportar y evidenciar las acciones ejecutadas durante el proceso. A través de las actividades realizadas durante el proceso del Ejercicio Profesional Supervisado se logró mejorar la organización de la entidad mediante la correcta elaboración de estados financieros, cumplir con requerimientos técnicos, elaboración correcta y presentación de planillas de salarios, utilización de procedimientos, métodos y políticas de control interno de la entidad.
650 1 4 _2LEMB
_aSan Cristobal Verapaz, Alta Verapaz
_xSalarios
_xIGSS
_xmanual contable
_xreestructuración
700 _aLic. Carlos Abraham Sierra Alvarado
_eAsesor
856 _uhttps://drive.google.com/file/d/1aNk4ZrXUMlpnaWQgl_q0cIsUo7vydIBL/view?usp=sharing
_yPDF
_zUn ejemplar en línea.
942 _2ddc
_cTES
_iTCPA_64
_kClasificación
_n0
_6TCPA__64
999 _c1766
_d1766